Complex variables for scientists and engineers (Record no. 6592)
[ view plain ]
| 000 -LEADER | |
|---|---|
| fixed length control field | 00518nam a2200181Ia 4500 |
| 005 - DATE AND TIME OF LATEST TRANSACTION | |
| control field | 20260511200457.0 |
| 008 - FIXED-LENGTH DATA ELEMENTS--GENERAL INFORMATION | |
| fixed length control field | 260511s9999 xx 000 0 und d |
| 020 ## - INTERNATIONAL STANDARD BOOK NUMBER | |
| ISBN | 0486493474 (paperback) | 9780486493473 (paperback) |
| 082 ## - DEWEY DECIMAL CLASSIFICATION NUMBER | |
| Classification number | 515.9 PAL |
| 100 ## - MAIN ENTRY--AUTHOR | |
| Author Name | Paliouras, John D. |
| 245 #0 - TITLE STATEMENT | |
| Title | Complex variables for scientists and engineers |
| 250 ## - EDITION STATEMENT | |
| Edition statement | 2nd. ed. |
| 260 ## - PUBLICATION, DISTRIBUTION, ETC. | |
| Name of publisher, distributor, etc. | Macmillan |
| Place of Publication | New York |
| Date of publication, distribution, etc. | 2014 |
| 650 ## - SUBJECT ADDED ENTRY--TOPICAL TERM | |
| Subject / Department | Computer Science |
| 650 ## - SUBJECT ADDED ENTRY--TOPICAL TERM | |
| Subject / Department | Creative Technology |
| 650 ## - SUBJECT ADDED ENTRY--TOPICAL TERM | |
| Subject / Department | Software Engineering |
| 942 ## - ADDED ENTRY ELEMENTS (KOHA) | |
| Koha item type | Book |
| Withdrawn status | Lost status | Damaged status | Not for loan | Permanent Location | Current Location | Date acquired | Source of acquisition | Full Call Number | Accession No./Barcode | Koha item type | Public note |
|---|---|---|---|---|---|---|---|---|---|---|---|
| Written off { Not Available } | Air University Central Library Islamabad | Air University Central Library Islamabad | 03/12/2014 | Not available. | 515.9 PAL | P0459 | Book | Write off in 2018 IBD/AU/231/10/LIB M-14 |







